00586nam a2200157 a 4500008004100000050001900041100001600060245003800076246005300114260000900167300001100176350000900187995008900196999001700285952012600302120416s1991 xx |||||||||||||| || u aHT 147.I77 Bha aBhatt, Atul10aSantalpur block after seven years aevaluation of implementation of block level plan c1991 a: ill. a0.00 D0.00FCBU-MAIN LIBRARY (Kitwe)H1I400.00M1UAVAILABLEZAnnex Low-Usage Collection  c56963d56963 00102lcc4070a001b001cAnnex Low-Usage Collection d2022-11-30l0oHT 147.I77 Bhap37923r2022-11-30w2022-11-30y002